| 000 | 00666nam a2200181 i 4500 | ||
|---|---|---|---|
| 001 | 159399 | ||
| 003 | ES-MaACL | ||
| 005 | 20230906211600.0 | ||
| 008 | 990224s1863 sp |||| | spa d | ||
| 080 | _a357(460) | ||
| 100 | 1 |
_aMendez Nuñez, Genaro. _9129823 |
|
| 245 | 1 | 0 |
_aEstudios sobre la organizacion de la Infanteria española / _cpor el capitán Don Genaro Méndez Núñez. |
| 260 |
_aMadrid : _b[s.n.], _c1863 ( _fImp. de José Morales y Rodríguez) |
||
| 300 |
_a93 p. ; _c22 cm. |
||
| 597 | _aPort. con grab. xil. | ||
| 650 | 4 |
_aInfantería- _zEspaña. _913748 |
|
| 852 | 4 |
_aES-MaACL _jT-73-F-3 _z- Enc. hol. _z- Dedicatoria autógrafa del autor |
|
| 999 |
_c159399 _d159399 |
||